Autos sacramentales: desde su origen hasta fines del siglo XVII

Spremljeno u:
Bibliografski detalji
Glavni autor: González Pedroso, Eduardo (Autor)
Format: Knjiga
Jezik:španjolski
Izdano: Madrid Atlas 1952
Serija:Biblioteca de Autores Españoles, 58
Teme:
Oznake: Dodaj oznaku
Bez oznaka, Budi prvi tko označuje ovaj zapis!

MARC

LEADER 00000nam a2200000 a 4500
001 UCX5591
003 CL-VaPUC
008 921127e19520000SP |||||||||||||||||spa|d
082 0 4 |a 862  |b GON  |2 21 
100 0 |a González Pedroso, Eduardo  |e author  |9 321901 
245 1 0 |a Autos sacramentales: desde su origen hasta fines del siglo XVII 
300 |a 580 p 
942 |c BK 
945 |d 19921127 00:00:00 
260 |a Madrid  |b Atlas  |c 1952 
650 0 |a Dramas españoles  |9 267081 
650 7 |a DRAMAS RELIGIOSO ESPAÑOL  |2 CL-VaPUC  |9 321902 
583 |a last modification  |c 19921127 00:00:00  |k Rodrigo Vera 
490 0 |a Biblioteca de Autores Españoles, 58 
999 |c 225806  |d 225804 
952 |0 0  |1 0  |4 0  |6 862_000000000000000_GON_1952  |7 0  |8 A  |9 223644  |a FDOPOS  |b FDOPOS  |d 2019-11-15  |i 2924765  |o 862 GON 1952  |p 2924765  |r 2025-01-22  |w 2019-11-15  |y BK  |k MLH